• 首页
  • 本馆介绍
  • 公告通知
  • 最新文献
  • 馆藏检索
  • 电子资源
  • 读者导购
  • 参考咨询
  • 我的图书馆
  • 登录
  • 详细信息显示
  • 放入我的书架
  • 预约/预借图书
  • 作者相关作品
  • 分类相关作品
  • 丛书相关作品
  • 出版社相关作品

书目信息

  • 表格格式
  • 工作单格式
  • 卡片格式
题名:
电路分析基础
    
 
作者: Robert L.Boylestad 著
分册:  
出版信息: 北京   高等教育出版社  2002.10
页数: 1200页
开本: 26cm
丛书名:
单 册:
中图分类: TM133
科图分类:
主题词: 电路理论
电子资源:
ISBN: 7-04-011418-6
000 00617nam0 2200217 45
001 0304050890
005 20030405083840.2
010    @a7-04-011418-6@d73.00元
100    @a20030405d2002 km y0chiy0120 ea
101 0  @achi
105    @a z 000yy
200 1  @a电路分析基础@ADian Lu Fen Xi Ji Chu@fRobert L.Boylestad著@FRobert L.Boylestad Zhu
205    @a9版
210    @a北京@c高等教育出版社@d2002.10
215    @a1200页@d26cm@e光盘1张
315    @a影印版
606 0  @a电路理论
690    @aTM133@v3
701  0 @aRobert L.Boylestad@4著
801    @aCN@bPftUser@c20030405
905    @aBZT@b346520-522@dTM133@e1@f3
    
    电路分析基础/Robert L.Boylestad著.-9版.-北京:高等教育出版社,2002.10
    1200页;26cm+光盘1张
    
    
    ISBN 7-04-011418-6:73.00元
    
●
相关链接 在五车中查询图书 在当当中查询图书 在豆瓣中查询图书


正题名:电路分析基础     索取号:TM133/1         预约/预借

序号 登录号 条形码 馆藏地/架位号 状态 备注
1 346520   201357469   样本书库/样007架B面2层3列/ [索取号:TM133/1] 在馆    
2 346521   201357478   中心书库中库/ 中库029架B面9列4层53/ [索取号:TM133/1] 在馆    
3 346522   201357548   中心书库中库/ 中库029架B面9列4层54/ [索取号:TM133/1] 在馆    
山东省滨州职业学院图书馆 欢迎您!
大连网信软件有限公司© 版权所有